Normal view
MARC view
- Journlism (Urdu)
Entry Topical Term
001 - CONTROL NUMBER
- control field: 108873
003 - CONTROL NUMBER IDENTIFIER
- control field: NUST
005 - DATE AND TIME OF LATEST TRANSACTION
- control field: 20230210103429.0
008 - FIXED-LENGTH DATA ELEMENTS
- fixed length control field: 230210|| aca||aabn | a|a d
040 ## - CATALOGING SOURCE
- Original cataloging agency: NUST
- Transcribing agency: NUST
150 ## - HEADING--TOPICAL TERM
- Topical term or geographic name entry element: Journlism (Urdu)
670 ## - SOURCE DATA FOUND
- Source citation: Work cat.: (NUST)188126: Khursheed, Abdul Salam 108872, Fan-e-Sahafat /, 2008
